=LDR 00000nam 2200000 4500 =001 NUTBA000000000001947 =005 20140526112403.0 =006 =007 =008 =020 ##$$a 978-979-756-136-9 =035 ##$$a 0010-051400000000412 =040 ##$$a Ind =082 ##$$a 657 =090 ##$$a 657$bHer a =100 ##$$a Hermawan, Sigit. =245 ##$$a Akuntasi untuk perusahaan jasa dan dagang$cSigit hermawan =250 ##$$a Cet.1 =260 ##$$a Yogyakarta$bGraha ilmu$c2006. =300 ##$$a 289 Hlm$bIlus$c21 cm. =850 ##$$a NBPNMAT =990 ##$$a 20703214 =990 ##$$a 21400613/BPAP-NTB/20142014